[Event "IV Festival A"]
[Site "Codogno ITA"]
[Date "2012.09.22"]
[Round "3"]
[White "Brioschi, Camillo"]
[Black "Montoli, Marco"]
[WhiteElo "1822"]
[BlackElo "1926"]
[Result "1/2-1/2"]
[PlyCount "59"]
[EventDate "2012.09.21"]

1. d4 Nf6 2. c4 g6 3. Nc3 d5 4. Bf4 Bg7 5. e3 c5 6. dxc5 Qa5 7. Rc1 dxc4 8.
Bxc4 O-O 9. Nge2 Qxc5 10. Qb3 Nc6 11. Qb5 Qxb5 12. Bxb5 Bd7 13. O-O Rac8 14.
Rfd1 a6 15. Ba4 Rfd8 16. h3 b5 17. Bb3 Na5 18. Nd4 Nxb3 19. Nxb3 b4 20. Ne2
Rxc1 21. Rxc1 Rc8 22. Rxc8+ Bxc8 23. Be5 Be6 24. Ned4 Bd5 25. Nc5 a5 26. Ncb3
a4 27. Nc5 a3 28. bxa3 bxa3 29. f3 Bxa2 30. Nc2 1/2-1/2

[Event "IV Festival A"]
[Site "Codogno ITA"]
[Date "2012.09.22"]
[Round "3"]
[White "Carrai, Giacomo"]
[Black "Tagliaferri, Valerio"]
[WhiteElo "1827"]
[BlackElo "1807"]
[Result "1/2-1/2"]
[PlyCount "79"]
[EventDate "2012.09.21"]

1. d4 Nf6 2. c4 e6 3. Nf3 c5 4. d5 exd5 5. cxd5 d6 6. Nc3 g6 7. Nd2 Bg7 8. e4
O-O 9. Be2 Na6 10. O-O Nc7 11. Qc2 Bd7 12. a4 a6 13. Nc4 Bg4 14. f3 Bc8 15. a5
Nfe8 16. Be3 Rb8 17. Qd2 Bd7 18. Nb6 Bb5 19. Nc4 Qe7 20. Bh6 Bxc4 21. Bxc4 Qh4
22. Bxg7 Kxg7 23. Bd3 Nf6 24. Rab1 b5 25. axb6 Rxb6 26. Na4 Rb4 27. b3 Nd7 28.
Qc3+ Qf6 29. Qxf6+ Kxf6 30. f4 Rfb8 31. Bc4 Ke7 32. Rbe1 f6 33. Re3 Nb5 34. Nb2
Nd4 35. Nd3 R4b6 36. e5 f5 37. exd6+ Kxd6 38. Ne5 Nf6 39. Nf7+ Kd7 40. Ne5+
1/2-1/2

[Event "IV Festival A"]
[Site "Codogno ITA"]
[Date "2012.09.22"]
[Round "3"]
[White "Castrogiovanni, Carlo"]
[Black "Martino, Antonio M."]
[WhiteElo "1963"]
[BlackElo "1976"]
[Result "1/2-1/2"]
[PlyCount "42"]
[EventDate "2012.09.21"]

1. d4 d5 2. c4 e6 3. Nc3 Nf6 4. Bg5 Be7 5. e3 Nbd7 6. cxd5 exd5 7. Bd3 h6 8.
Bf4 c6 9. h3 Nf8 10. Nge2 Bd6 11. Rb1 Bxf4 12. Nxf4 Ne6 13. Nxe6 Bxe6 14. b4
O-O 15. O-O a6 16. a4 b5 17. Qe2 Ne8 18. Rfd1 Nd6 19. Rd2 Nc4 20. Ra2 Qe7 21.
Qc2 Qg5 1/2-1/2

[Event "IV Festival A"]
[Site "Codogno ITA"]
[Date "2012.09.22"]
[Round "3"]
[White "Coppola, Federico"]
[Black "Mussap, Angelo"]
[WhiteElo "1930"]
[BlackElo "2051"]
[Result "0-1"]
[PlyCount "72"]
[EventDate "2012.09.21"]

1. e4 e5 2. Nf3 Nc6 3. Bb5 a6 4. Bxc6 dxc6 5. O-O Bg4 6. h3 Bh5 7. d3 Qd6 8.
Nbd2 f6 9. Nc4 Qe7 10. Be3 g5 11. Qe2 Nh6 12. d4 exd4 13. Bxd4 O-O-O 14. Bc3
Rg8 15. Qe3 Kb8 16. g4 Qe6 17. Nfd2 Bg6 18. b4 Nf7 19. a4 Nd6 20. Nxd6 Bxd6 21.
b5 Bf4 22. Qe1 Bxd2 23. Bxd2 Qxe4 24. Be3 Qf3 25. Ra3 b6 26. Bxb6 Qxa3 27.
Bxc7+ Kxc7 28. Qa5+ Kd7 29. bxc6+ Kxc6 30. Qxa6+ Kc5 31. Qa7+ Kc4 32. Qa6+ Kc3
33. Qc6+ Kd2 34. f3 Rge8 35. Qc4 Re1 36. Rxe1 Kxe1 0-1

[Event "IV Festival A"]
[Site "Codogno ITA"]
[Date "2012.09.22"]
[Round "3"]
[White "Faraoni, Enrico"]
[Black "Sanchez, Joseph"]
[WhiteElo "2075"]
[BlackElo "2534"]
[Result "0-1"]
[PlyCount "68"]
[EventDate "2012.09.21"]

1. e4 d5 2. d4 dxe4 3. Nc3 Nf6 4. f3 exf3 5. Nxf3 g6 6. Bc4 Bg7 7. Ne5 O-O 8.
h4 c5 9. h5 Qxd4 10. Qxd4 cxd4 11. hxg6 hxg6 12. Nxg6 Nc6 13. Nb5 Rd8 14. O-O
a6 15. Nc7 b5 16. Bb3 Ra7 17. Bf4 e5 18. Bg5 Rxc7 19. Rxf6 Bxf6 20. Bxf6 Rd6
21. Rf1 Rxf6 22. Rxf6 Kg7 23. Rxc6 Rxc6 24. Nxe5 Rc7 25. Nf3 Rd7 26. Kf2 Bb7
27. Ne5 Rd6 28. Nxf7 Rg6 29. g3 a5 30. Nd8 Bc8 31. a3 a4 32. Ba2 Rd6 33. Nf7
Rf6+ 34. Ke2 Be6 0-1

[Event "IV Festival A"]
[Site "Codogno ITA"]
[Date "2012.09.22"]
[Round "3"]
[White "Ferretti, Alessandro"]
[Black "De Palma, Fabrizio"]
[WhiteElo "2035"]
[BlackElo "2108"]
[Result "0-1"]
[PlyCount "86"]
[EventDate "2012.09.21"]

1. e4 c6 2. d4 d5 3. e5 Bf5 4. Nc3 h5 5. Bg5 Qb6 6. Qd2 e6 7. O-O-O Ne7 8. Nf3
Bg4 9. Bd3 Nd7 10. Qf4 c5 11. Rhe1 c4 12. Be2 Ng6 13. Qe3 a6 14. h3 Bxf3 15.
gxf3 Be7 16. Rg1 Bxg5 17. Qxg5 Qd8 18. Qe3 Qh4 19. Rg3 O-O-O 20. Bf1 Rhg8 21.
Kb1 Qf4 22. Ne2 Qxe3 23. fxe3 Ne7 24. Nf4 Nf5 25. Rg1 Nxe3 26. Re1 Nf5 27. c3
g6 28. Be2 Nb8 29. Bd1 Nc6 30. Rg5 b5 31. Ng2 Kc7 32. Bc2 Nfe7 33. Nf4 Rgf8 34.
Rg2 Rb8 35. Kc1 Rb6 36. Bd1 Rfb8 37. b4 cxb3 38. axb3 b4 39. Kb2 bxc3+ 40. Kxc3
Nf5 41. Nd3 Ncxd4 42. Ra2 Nxb3 43. Ra3 Rc6+ 0-1

[Event "IV Festival A"]
[Site "Codogno ITA"]
[Date "2012.09.22"]
[Round "3"]
[White "Hainke, Guntram"]
[Black "Ficco, Corrado"]
[WhiteElo "2318"]
[BlackElo "2099"]
[Result "1-0"]
[PlyCount "73"]
[EventDate "2012.09.21"]

1. d4 f5 2. g3 Nf6 3. Bg2 g6 4. Nf3 Bg7 5. O-O O-O 6. b3 d6 7. Bb2 c6 8. c4 Qc7
9. Nbd2 a5 10. a3 Kh8 11. Qc2 Na6 12. Rfe1 Bd7 13. e4 fxe4 14. Nxe4 Rae8 15.
Re2 Bf5 16. Nh4 Nxe4 17. Bxe4 e6 18. Rae1 Qf7 19. f4 Bf6 20. Nf3 Bg4 21. Rf2
Bxf3 22. Bxf3 Nc7 23. Rfe2 Ra8 24. a4 Rfe8 25. Qd2 d5 26. Kg2 Be7 27. c5 Bf6
28. Bc3 Qg7 29. h4 h5 30. Rd1 Na6 31. Re3 Nb4 32. Bxb4 axb4 33. Qxb4 Bd8 34.
Qe1 Qf7 35. Qc3 Kg7 36. Rde1 b6 37. cxb6 1-0

[Event "IV Festival A"]
[Site "Codogno ITA"]
[Date "2012.09.22"]
[Round "3"]
[White "Popovich, Fabio"]
[Black "Corso, Gabriele"]
[WhiteElo "1832"]
[BlackElo "1764"]
[Result "0-1"]
[PlyCount "54"]
[EventDate "2012.09.21"]

1. e4 e5 2. Nf3 Nf6 3. Nxe5 d6 4. Nf3 Nxe4 5. d4 d5 6. Bd3 Nc6 7. Bf4 Bg4 8.
Nbd2 Nxd2 9. Qxd2 Bxf3 10. gxf3 Nxd4 11. O-O-O Qd7 12. Qe3+ Ne6 13. Bf5 Bc5 14.
Qe5 Bd6 15. Bxe6 fxe6 16. Qd4 Bxf4+ 17. Qxf4 O-O-O 18. Rd3 Rhf8 19. Qd4 Kb8 20.
Rg1 g6 21. Ra3 a6 22. Re1 Qd6 23. Rae3 Qxh2 24. Rxe6 Rxf3 25. Re8 Rf8 26. Rxf8
Rxf8 27. Qxd5 Qxf2 0-1

[Event "IV Festival A"]
[Site "Codogno ITA"]
[Date "2012.09.22"]
[Round "3"]
[White "Stella, Andrea"]
[Black "De Santis, Alessio"]
[WhiteElo "2456"]
[BlackElo "2325"]
[Result "1-0"]
[PlyCount "75"]
[EventDate "2012.09.21"]

1. Nf3 Nf6 2. c4 g6 3. g3 Bg7 4. Bg2 O-O 5. Nc3 c6 6. d4 d6 7. O-O Be6 8. b3
Qc8 9. Bb2 Bh3 10. e4 Bxg2 11. Kxg2 Nbd7 12. Qd2 Qc7 13. Rad1 Rad8 14. Rfe1
Rfe8 15. d5 c5 16. Nb5 Qb8 17. e5 dxe5 18. Nxe5 a6 19. Nxd7 Nxd7 20. Bxg7 Kxg7
21. d6 exd6 22. Rxe8 Rxe8 23. Nxd6 Re7 24. Qc3+ Nf6 25. g4 h6 26. h4 Re6 27. g5
Rxd6 28. Qe5 Kh7 29. Qxd6 Qxd6 30. Rxd6 Ne4 31. Rd7 hxg5 32. f3 Nc3 33. hxg5
Kg7 34. a4 b6 35. Rb7 Na2 36. Rxb6 Nb4 37. Kg3 a5 38. Rb5 1-0

[Event "IV Festival A"]
[Site "Codogno ITA"]
[Date "2012.09.22"]
[Round "3"]
[White "Swannie, Douglas"]
[Black "Grudina, Marco"]
[WhiteElo "1922"]
[BlackElo "1833"]
[Result "1/2-1/2"]
[PlyCount "97"]
[EventDate "2012.09.21"]

1. d4 d5 2. c4 c6 3. Nf3 Nf6 4. e3 e6 5. b3 Nbd7 6. Bd3 dxc4 7. bxc4 Bb4+ 8.
Bd2 Qa5 9. O-O Bxd2 10. Nbxd2 Qh5 11. e4 e5 12. Nxe5 Qxd1 13. Rfxd1 Nxe5 14.
dxe5 Nd7 15. Nf3 Nc5 16. h3 Be6 17. Ng5 Ke7 18. Nxe6 Kxe6 19. f4 Rhd8 20. Bc2
b6 21. Kf2 Nb7 22. Ke3 Na5 23. Bd3 c5 24. Be2 Ke7 25. Rd5 Nc6 26. a3 Nd4 27.
Rc1 Nb3 28. Rc3 Nd4 29. Bd1 g6 30. g4 Rg8 31. f5 gxf5 32. exf5 h5 33. Ke4 hxg4
34. Bxg4 f6 35. exf6+ Kxf6 36. Rd6+ Kg5 37. Rg3 Rae8+ 38. Kd3 Kf4 39. Rg2 Re3+
40. Kd2 Rxa3 41. Rf2+ Kg3 42. Rf1 Kg2 43. Rf4 Re8 44. f6 Ra2+ 45. Kd3 Ra3+ 46.
Kd2 Ree3 47. Rdxd4 cxd4 48. f7 Ra2+ 49. Kd1 1/2-1/2

[Event "IV Festival A"]
[Site "Codogno ITA"]
[Date "2012.09.22"]
[Round "3"]
[White "Ventura, Franco"]
[Black "D'Orta, Antonio"]
[WhiteElo "2091"]
[BlackElo "1938"]
[Result "1/2-1/2"]
[PlyCount "124"]
[EventDate "2012.09.21"]

1. c4 c6 2. Nf3 d5 3. d4 Nf6 4. cxd5 cxd5 5. Nc3 Nc6 6. Bf4 Bf5 7. e3 e6 8. Bb5
a6 9. Bxc6+ bxc6 10. Qa4 Qb6 11. O-O Be7 12. Ne5 Rc8 13. Qb3 Qb4 14. Rfc1 O-O
15. Qxb4 Bxb4 16. Na4 Nh5 17. Nxc6 Nxf4 18. exf4 Bd6 19. g3 f6 20. Na5 Rc2 21.
Rxc2 Bxc2 22. Nc3 Rb8 23. Nb3 Kf7 24. Kf1 a5 25. Ke2 Bb4 26. Rc1 Bf5 27. Na4 h5
28. Rc7+ Kg6 29. Nbc5 e5 30. fxe5 fxe5 31. dxe5 d4 32. a3 Bxc5 33. Rxc5 Rb3 34.
Rc6+ Kg5 35. Rb6 Bg4+ 36. Kd2 Rf3 37. h4+ Kf5 38. e6 Kf6 39. Nc5 Rxf2+ 40. Kd3
Bf5+ 41. Kxd4 Rd2+ 42. Ke3 Rd1 43. Ne4+ Bxe4 44. Kxe4 a4 45. Rb4 Rd2 46. Ke3
Rg2 47. Kf3 Rc2 48. Re4 Ke7 49. Re2 Rc4 50. Ke3 Rg4 51. Kf3 Rc4 52. Kf2 g6 53.
Ke1 Rd4 54. Re3 Rd5 55. Ke2 Rb5 56. Kf3 Rxb2 57. Kf4 Rb3 58. Ke4 Rxe3+ 59. Kxe3
Kxe6 60. Ke4 Ke7 61. Ke5 Kf7 62. Ke4 Ke6 1/2-1/2

[Event "IV Festival A"]
[Site "Codogno ITA"]
[Date "2012.09.23"]
[Round "4"]
[White "Carrai, Giacomo"]
[Black "Brioschi, Camillo"]
[WhiteElo "1827"]
[BlackElo "1822"]
[Result "1/2-1/2"]
[PlyCount "74"]
[EventDate "2012.09.21"]

1. d4 Nf6 2. c4 e6 3. Nc3 d5 4. Bg5 Nbd7 5. e3 c6 6. Nf3 Bb4 7. Qc2 Qa5 8. Nd2
Ne4 9. Ndxe4 dxe4 10. Bh4 O-O 11. Be2 f5 12. O-O Bd6 13. c5 Bb8 14. a3 Nf6 15.
b4 Qc7 16. Bg3 Qe7 17. Qb3 Nd5 18. Nxd5 exd5 19. a4 f4 20. exf4 Bxf4 21. Bxf4
Rxf4 22. Qe3 Rf7 23. Rae1 Bd7 24. a5 a6 25. Bd1 Re8 26. Bh5 g6 27. Bd1 Qh4 28.
Qg3 Qxg3 29. hxg3 Rfe7 30. Re3 Kg7 31. Rfe1 Kf6 32. f3 exf3 33. Rxe7 Rxe7 34.
Rxe7 Kxe7 35. gxf3 Kf6 36. Kh2 Kg5 37. Bc2 Bf5 1/2-1/2

[Event "IV Festival A"]
[Site "Codogno ITA"]
[Date "2012.09.23"]
[Round "4"]
[White "D'Orta, Antonio"]
[Black "Gozzini, Giambattista"]
[WhiteElo "1938"]
[BlackElo "1865"]
[Result "1-0"]
[PlyCount "76"]
[EventDate "2012.09.21"]

1. e4 c6 2. c4 e5 3. d4 d6 4. Nc3 Nd7 5. Nf3 Ngf6 6. Be3 Be7 7. h3 O-O 8. Qd2
a6 9. O-O-O b5 10. Bd3 Bb7 11. g4 b4 12. Ne2 Nxe4 13. Bxe4 d5 14. cxd5 cxd5 15.
Bc2 e4 16. Ne1 Nb6 17. Ng2 Nc4 18. Qe1 Qa5 19. Kb1 Qb5 20. Nc1 a5 21. Nb3 Rfc8
22. Nc5 Bxc5 23. dxc5 Nxe3 24. Nxe3 Rxc5 25. Qf1 Qb6 26. Ba4 Ba6 27. Qg2 Bd3+
28. Rxd3 exd3 29. Nxd5 Qd8 30. Ne7+ Kf8 31. Nc6 Qd5 32. Qxd5 Rxd5 33. Rd1 Rc8
34. f4 Rc5 35. Ne5 Rd5 36. Rxd3 Rxd3 37. Nxd3 Ke7 38. Bc2 h6 1-0

[Event "IV Festival A"]
[Site "Codogno ITA"]
[Date "2012.09.23"]
[Round "4"]
[White "De Palma, Fabrizio"]
[Black "Corso, Gabriele"]
[WhiteElo "2108"]
[BlackElo "1764"]
[Result "1-0"]
[PlyCount "43"]
[EventDate "2012.09.21"]

1. d4 d5 2. Nf3 Nf6 3. c4 c6 4. Nc3 dxc4 5. a4 Bf5 6. Nh4 Be6 7. e4 Na6 8. Nf3
Nb4 9. a5 g6 10. Be3 Bg7 11. Ne5 b6 12. Bxc4 Bxc4 13. Nxc4 O-O 14. axb6 axb6
15. Rxa8 Qxa8 16. Nxb6 Qa6 17. Nba4 Nd3+ 18. Kd2 Rb8 19. Qc2 Nb4 20. Qb1 Ng4
21. Nc5 Qc4 22. b3 1-0

[Event "IV Festival A"]
[Site "Codogno ITA"]
[Date "2012.09.23"]
[Round "4"]
[White "De Santis, Alessio"]
[Black "Ferretti, Alessandro"]
[WhiteElo "2325"]
[BlackElo "2035"]
[Result "1-0"]
[PlyCount "79"]
[EventDate "2012.09.21"]

1. Nf3 Nc6 2. c4 e5 3. Nc3 Nf6 4. d3 d5 5. cxd5 Nxd5 6. g3 f6 7. Bg2 Be6 8. O-O
Nb6 9. d4 exd4 10. Nb5 Bc5 11. Bf4 Nd5 12. Qa4 Nxf4 13. gxf4 O-O 14. Rfd1 Qe7
15. Nfxd4 Nxd4 16. Nxd4 c6 17. Nxe6 Qxe6 18. e3 Rad8 19. b4 Qc4 20. a3 Bb6 21.
Bf1 Qe4 22. Qb3+ Kh8 23. Bg2 Qe7 24. b5 c5 25. a4 Ba5 26. Qc4 b6 27. Bd5 f5 28.
Rd3 Rd6 29. Rad1 Rfd8 30. Bf3 Rxd3 31. Rxd3 Rxd3 32. Qxd3 Qf6 33. Qd7 h6 34.
Bd5 Qf8 35. Qxa7 Kh7 36. Qd7 Qf6 37. Qc8 Qa1+ 38. Kg2 Qd1 39. Qxf5+ Kh8 40.
Qf8+ 1-0

[Event "IV Festival A"]
[Site "Codogno ITA"]
[Date "2012.09.23"]
[Round "4"]
[White "Ficco, Corrado"]
[Black "Sanchez, Joseph"]
[WhiteElo "2099"]
[BlackElo "2534"]
[Result "0-1"]
[PlyCount "55"]
[EventDate "2012.09.21"]

1. e4 d5 2. exd5 Qxd5 3. Nf3 Bg4 4. Be2 Nc6 5. d4 e6 6. O-O O-O-O 7. c4 Qf5 8.
Be3 Nf6 9. Nbd2 Bd6 10. c5 Be7 11. b4 Nd5 12. Qb3 Nf4 13. Bb5 Bxf3 14. Nxf3
Nxg2 15. Bxc6 bxc6 16. Ne5 Nh4 17. Qa4 Nf3+ 18. Nxf3 Qg4+ 19. Kh1 Qxf3+ 20. Kg1
Rd5 21. Rfd1 Bg5 22. Qa6+ Kb8 23. Qd3 Rhd8 24. Kf1 Qh1+ 25. Ke2 Qxh2 26. Rab1
Bxe3 27. Qxe3 Qh5+ 28. Kd2 0-1

[Event "IV Festival A"]
[Site "Codogno ITA"]
[Date "2012.09.23"]
[Round "4"]
[White "Marcori, Mirko"]
[Black "Castrogiovanni, Carlo"]
[WhiteElo "1804"]
[BlackElo "1963"]
[Result "0-1"]
[PlyCount "65"]
[EventDate "2012.09.21"]

1. Nf3 Nf6 2. d4 d6 3. c4 g6 4. Nc3 Bg7 5. e4 O-O 6. h3 Nbd7 7. Be2 e5 8. d5
Nc5 9. Qc2 a5 10. Be3 Nfd7 11. Nd2 c6 12. O-O f5 13. f4 exf4 14. Bxf4 Ne5 15.
Nb3 Nxe4 16. Nxe4 fxe4 17. Qxe4 Bf5 18. Qe3 Re8 19. Qf2 c5 20. g4 Bc2 21. Bxe5
Bxe5 22. Qf7+ Kh8 23. Bf3 Qh4 24. Bg2 Qg3 25. Rf3 Qh2+ 26. Kf1 Be4 27. Nd2 Bxf3
28. Nxf3 Qg3 29. Re1 Rf8 30. Qxb7 Rxf3+ 31. Ke2 Re3+ 32. Kd2 Qxe1+ 33. Kc2 0-1

[Event "IV Festival A"]
[Site "Codogno ITA"]
[Date "2012.09.23"]
[Round "4"]
[White "Martino, Antonio M."]
[Black "Popovich, Fabio"]
[WhiteElo "1976"]
[BlackElo "1832"]
[Result "0-1"]
[PlyCount "104"]
[EventDate "2012.09.21"]

1. c4 e5 2. g3 Nc6 3. Nc3 g6 4. Bg2 Bg7 5. e4 Nge7 6. Nge2 O-O 7. O-O d6 8. d3
Be6 9. Nd5 Qd7 10. Bg5 f5 11. Qd2 Rf7 12. Nxe7+ Nxe7 13. exf5 Nxf5 14. Bxb7 Rb8
15. Be4 c6 16. b3 d5 17. cxd5 cxd5 18. Bg2 h6 19. g4 hxg5 20. gxf5 Rxf5 21. Ng3
Rf4 22. Rac1 Bh3 23. Bxh3 Qxh3 24. f3 Rbf8 25. Qg2 Qd7 26. Ne2 R4f5 27. Qg4 Qb5
28. Ng3 Rf4 29. Qxg5 Qxd3 30. Rcd1 Qe3+ 31. Kg2 d4 32. Qxg6 Rxf3 33. Qe6+ R8f7
34. Qc8+ Kh7 35. Qc6 Rf2+ 36. Rxf2 Rxf2+ 37. Kh1 Qh6 38. Qxh6+ Bxh6 39. a4 Rb2
40. Rd3 Be3 41. Ne4 Kg6 42. Nd6 Rd2 43. Rxd2 Bxd2 44. Kg2 Bb4 45. Nb5 a5 46.
Kf3 Kf5 47. h4 e4+ 48. Kf2 d3 49. Nd4+ Kg4 50. Ne6 Bd2 51. Nd4 e3+ 52. Kg2 e2
0-1

[Event "IV Festival A"]
[Site "Codogno ITA"]
[Date "2012.09.23"]
[Round "4"]
[White "Mussap, Angelo"]
[Black "Faraoni, Enrico"]
[WhiteElo "2051"]
[BlackElo "2075"]
[Result "0-1"]
[PlyCount "98"]
[EventDate "2012.09.21"]

1. e4 e6 2. d4 d5 3. Nc3 Bb4 4. e5 c5 5. Bb5+ Bd7 6. Bxd7+ Nxd7 7. Nf3 Ne7 8.
Bg5 Qa5 9. Qd3 Nc6 10. O-O cxd4 11. Nxd4 Ndxe5 12. Nxc6 bxc6 13. Qd4 f6 14. Bh4
Ng6 15. Bg3 O-O 16. Ne2 e5 17. Qd3 Rad8 18. Qf5 Rfe8 19. h4 Bd2 20. h5 Nf8 21.
Bh4 Qb5 22. Ng3 Qc4 23. Qh3 Ne6 24. Rad1 Bg5 25. Bxg5 Nxg5 26. Qf5 Nf7 27. b3
Qa6 28. a4 Qb6 29. Rd3 Nh6 30. Qh3 Qc5 31. c3 e4 32. Re3 Re5 33. Rd1 Qe7 34.
Rde1 a5 35. Qh4 Qa7 36. Kh1 Rde8 37. R3e2 Qb7 38. f4 exf3 39. gxf3 Qxb3 40.
Rxe5 fxe5 41. Rc1 Qb7 42. Rg1 Qf7 43. Kg2 Qf4 44. Qh3 Qd2+ 45. Kh1 Qf4 46. Ne2
Qf5 47. Qg3 Qxh5+ 48. Kg2 Nf5 49. Qf2 Nh4+ 0-1

[Event "IV Festival A"]
[Site "Codogno ITA"]
[Date "2012.09.23"]
[Round "4"]
[White "Swannie, Douglas"]
[Black "Bonoldi, Fabio"]
[WhiteElo "1922"]
[BlackElo "1851"]
[Result "1-0"]
[PlyCount "69"]
[EventDate "2012.09.21"]

1. d4 d6 2. c4 g6 3. Nc3 Bg7 4. e4 Nc6 5. Be3 e5 6. Nge2 f5 7. f3 Nf6 8. d5 Ne7
9. h3 O-O 10. c5 Ne8 11. Qb3 Kh8 12. Rc1 Ng8 13. Bf2 Ngf6 14. Ng3 f4 15. Nge2
c6 16. dxc6 bxc6 17. cxd6 Qxd6 18. Na4 Be6 19. Qc3 Rf7 20. Rd1 Qc7 21. Nc1 Rd7
22. Rxd7 Nxd7 23. Nb3 Bf8 24. Be2 Rc8 25. O-O Nd6 26. Rc1 Bxb3 27. Qxb3 c5 28.
Nxc5 Nxe4 29. Nd3 Qxc1+ 30. Nxc1 Rxc1+ 31. Bf1 Nxf2 32. Kxf2 Bc5+ 33. Ke2 Bd4
34. Qf7 Rc7 35. b3 1-0

[Event "IV Festival A"]
[Site "Codogno ITA"]
[Date "2012.09.23"]
[Round "4"]
[White "Tagliaferri, Valerio"]
[Black "Regorda, Vittorio"]
[WhiteElo "1807"]
[BlackElo "1828"]
[Result "1-0"]
[PlyCount "45"]
[EventDate "2012.09.21"]

1. e4 e6 2. d4 d5 3. Nd2 a6 4. Bd3 c5 5. exd5 exd5 6. dxc5 Bxc5 7. Nb3 Ba7 8.
Nf3 Nf6 9. Qe2+ Be6 10. Nbd4 Bxd4 11. Nxd4 Qd6 12. Bg5 Nbd7 13. Nf5 Qf8 14. O-O
O-O-O 15. Nd4 Bg4 16. f3 Re8 17. Qf2 Be6 18. c3 h6 19. Be3 Qd6 20. Nf5 Bxf5 21.
Bxf5 g6 22. Bc5 Qxc5 23. Qxc5+ 1-0

[Event "IV Festival A"]
[Site "Codogno ITA"]
[Date "2012.09.23"]
[Round "4"]
[White "Ventura, Franco"]
[Black "Bongiorni, Gabriele"]
[WhiteElo "2091"]
[BlackElo "1823"]
[Result "1-0"]
[PlyCount "63"]
[EventDate "2012.09.21"]

1. c4 Nf6 2. Nc3 g6 3. g3 Bg7 4. Bg2 O-O 5. e4 d6 6. Nge2 Na6 7. O-O e5 8. d3
c6 9. h3 Nc7 10. Be3 d5 11. exd5 cxd5 12. Bg5 h6 13. Bxf6 Bxf6 14. Nxd5 Nxd5
15. cxd5 e4 16. dxe4 Bxb2 17. Rb1 Be5 18. Qd2 Kh7 19. Nd4 Qf6 20. Nf3 Bxh3 21.
Nxe5 Bxg2 22. Nd7 Qf3 23. Nxf8+ Rxf8 24. Rb3 Qxe4 25. Re1 Qxd5 26. Rd3 Qc6 27.
Rd6 Qf3 28. Re3 Qf5 29. Kxg2 Rc8 30. Rf3 Qe4 31. Rd7 g5 32. Rdxf7+ 1-0

[Event "IV Festival A"]
[Site "Codogno ITA"]
[Date "2012.09.23"]
[Round "5"]
[White "Bongiorni, Gabriele"]
[Black "Montoli, Marco"]
[WhiteElo "1823"]
[BlackElo "1926"]
[Result "1/2-1/2"]
[PlyCount "61"]
[EventDate "2012.09.21"]

1. Nf3 Nf6 2. c4 g6 3. Nc3 c5 4. e4 d6 5. d4 cxd4 6. Nxd4 Bg7 7. Be2 Nc6 8. Be3
O-O 9. O-O Bd7 10. f3 Nxd4 11. Bxd4 Bc6 12. Qd2 Nd7 13. Bxg7 Kxg7 14. Qd4+ Kg8
15. Rad1 Qb6 16. b3 Qxd4+ 17. Rxd4 a5 18. Nd5 Bxd5 19. exd5 Nc5 20. Re1 Rfc8
21. Bd1 Rc7 22. a4 Kg7 23. h4 h6 24. g4 g5 25. h5 Rf8 26. Bc2 Re8 27. Kg2 Nd7
28. Kg3 Ne5 29. f4 gxf4+ 30. Rxf4 f6 31. Bf5 1/2-1/2

[Event "IV Festival A"]
[Site "Codogno ITA"]
[Date "2012.09.23"]
[Round "5"]
[White "Brioschi, Camillo"]
[Black "Swannie, Douglas"]
[WhiteElo "1822"]
[BlackElo "1922"]
[Result "1/2-1/2"]
[PlyCount "54"]
[EventDate "2012.09.21"]

1. d4 d5 2. c4 Nc6 3. e3 e5 4. dxe5 d4 5. exd4 Qxd4 6. Nf3 Qxd1+ 7. Kxd1 Bg4 8.
Be2 O-O-O+ 9. Bd2 Bxf3 10. gxf3 Nxe5 11. Kc2 Ne7 12. Nc3 N7c6 13. Be3 Nd4+ 14.
Bxd4 Rxd4 15. Rad1 Bc5 16. Ne4 Rxd1 17. Rxd1 Be7 18. f4 Ng6 19. Bg4+ Kb8 20. f5
Ne5 21. Be2 Rd8 22. Rxd8+ Bxd8 23. Kc3 Be7 24. a3 Nd7 25. b4 c5 26. b5 Kc7 27.
h3 b6 1/2-1/2

[Event "IV Festival A"]
[Site "Codogno ITA"]
[Date "2012.09.23"]
[Round "5"]
[White "Castrogiovanni, Carlo"]
[Black "Ventura, Franco"]
[WhiteElo "1963"]
[BlackElo "2091"]
[Result "0-1"]
[PlyCount "102"]
[EventDate "2012.09.21"]

1. d4 Nf6 2. c4 g6 3. Nc3 Bg7 4. e4 d6 5. Be2 O-O 6. Bg5 h6 7. Bf4 Na6 8. Qd2
Kh7 9. Nf3 Nh5 10. Be3 e5 11. dxe5 dxe5 12. Qxd8 Rxd8 13. O-O c6 14. Rfd1 Re8
15. a3 Nf4 16. Kf1 Nxe2 17. Kxe2 Nc7 18. Nd2 Ne6 19. Nb3 Bf8 20. g3 b6 21. Na2
Ba6 22. Rac1 Rad8 23. Rxd8 Rxd8 24. Nb4 Bxb4 25. axb4 Rd7 26. Ke1 f5 27. exf5
gxf5 28. c5 f4 29. Bd2 Bb5 30. cxb6 axb6 31. Bc3 fxg3 32. fxg3 Nd4 33. Nd2 Rf7
34. Bxd4 exd4 35. Nc4 Rf3 36. Ke2 Rb3 37. Kd2 Rxb4 38. Nxb6 Rxb2+ 39. Rc2 Rb3
40. Nc4 Rf3 41. Ne5 Rf1 42. Nd3 Rh1 43. Ne5 Rxh2+ 44. Kc1 Rxc2+ 45. Kxc2 c5 46.
Nf3 Kg6 47. Kd2 Kf5 48. Nh2 c4 49. Nf3 Ke4 50. Nh4 c3+ 51. Kc2 Ba4+ 0-1

[Event "IV Festival A"]
[Site "Codogno ITA"]
[Date "2012.09.23"]
[Round "5"]
[White "Coppola, Federico"]
[Black "Carrai, Giacomo"]
[WhiteElo "1930"]
[BlackElo "1827"]
[Result "0-1"]
[PlyCount "84"]
[EventDate "2012.09.21"]

1. e4 c5 2. Nf3 e6 3. d4 cxd4 4. Nxd4 Nf6 5. Nc3 d6 6. g4 h6 7. h3 Nc6 8. Be3
d5 9. Bb5 Bd7 10. exd5 Nxd5 11. Nxd5 exd5 12. Qf3 Nxd4 13. Bxd7+ Qxd7 14. Bxd4
O-O-O 15. O-O-O Kb8 16. Kb1 f6 17. c4 b6 18. Bc3 Qb7 19. cxd5 Bd6 20. Rhe1 Rhe8
21. Qf5 Rxe1 22. Rxe1 Qf7 23. Qe6 Qd7 24. Rd1 Kc7 25. Qe2 Kb7 26. h4 Re8 27.
Qf3 Re7 28. Rd3 Qa4 29. b3 Qe4 30. Qxe4 Rxe4 31. f3 Re2 32. Bd2 Rh2 33. h5 Re2
34. Kc2 Kc7 35. Kc3 Be5+ 36. Kc4 Bd6 37. a4 a6 38. b4 Kd7 39. Be3 Rb2 40. Rb3
b5+ 41. axb5 axb5+ 42. Kc3 Be5+ 0-1

[Event "IV Festival A"]
[Site "Codogno ITA"]
[Date "2012.09.23"]
[Round "5"]
[White "Corso, Gabriele"]
[Black "Mussap, Angelo"]
[WhiteElo "1764"]
[BlackElo "2051"]
[Result "1-0"]
[PlyCount "50"]
[EventDate "2012.09.21"]

1. e4 e5 2. Nf3 Nc6 3. Bb5 Bc5 4. O-O Qe7 5. Re1 Nf6 6. d3 h6 7. Nbd2 O-O 8.
Nf1 Nd8 9. Ng3 Bxf2+ 10. Kxf2 Qc5+ 11. Kf1 Qxb5 12. Nf5 Nc6 13. N3h4 d5 14. Kg1
dxe4 15. dxe4 Rd8 16. Qf3 Bxf5 17. Nxf5 Nd4 18. Nxh6+ gxh6 19. Qxf6 Rd6 20. Qf2
Rg6 21. c3 Ne6 22. Rb1 Rf8 23. b3 b6 24. c4 Qc6 25. Qe3 Ng5 1-0

[Event "IV Festival A"]
[Site "Codogno ITA"]
[Date "2012.09.23"]
[Round "5"]
[White "Faraoni, Enrico"]
[Black "De Santis, Alessio"]
[WhiteElo "2075"]
[BlackElo "2325"]
[Result "1/2-1/2"]
[PlyCount "35"]
[EventDate "2012.09.21"]

1. g3 e5 2. Bg2 d5 3. d3 Nc6 4. Nf3 Be7 5. O-O h5 6. c4 d4 7. e3 h4 8. exd4
exd4 9. b4 Nxb4 10. Re1 hxg3 11. fxg3 Bg4 12. Qa4+ Kf8 13. Ne5 Bc8 14. Bxb7
Bxb7 15. Nd7+ Ke8 16. Nf6+ Kf8 17. Nd7+ Ke8 18. Nf6+ 1/2-1/2

[Event "IV Festival A"]
[Site "Codogno ITA"]
[Date "2012.09.23"]
[Round "5"]
[White "Ferretti, Alessandro"]
[Black "Tagliaferri, Valerio"]
[WhiteElo "2035"]
[BlackElo "1807"]
[Result "1-0"]
[PlyCount "33"]
[EventDate "2012.09.21"]

1. e4 e6 2. d4 d5 3. Nc3 Nf6 4. Bg5 dxe4 5. Nxe4 Be7 6. Bxf6 Bxf6 7. c3 Bd7 8.
Bd3 Bc6 9. Qe2 Nd7 10. Nf3 Qe7 11. b4 a6 12. O-O O-O 13. a4 Nb6 14. b5 axb5 15.
axb5 Bxe4 16. Qxe4 Rab8 17. Qxh7# 1-0